| 000 | 00505nam a2200181Ia 4500 | ||
|---|---|---|---|
| 008 | 100920s9999 xx 000 0 und d | ||
| 082 |
_b31605 _a11 थ 37 |
||
| 100 | _aJONES F. ELWYN. | ||
| 245 | _aHITLERS DRIVE TO THE EAST. | ||
| 260 |
_bVICTOR GOLLANCZ LTD , LONDON. _c1937 |
||
| 300 |
_a126 _bसाधी |
||
| 365 | _b0 | ||
| 520 | _aएच.पी.बी. | ||
| 630 | _aHITLERS DRIVE TO THE EAST. | ||
| 650 | _aएच.पी.बी. | ||
| 730 | _aHITLERS DRIVE TO THE EAST. | ||
| 942 | _cBOOK | ||
| 999 |
_c686751 _d686748 |
||